Statistics for Pitcher on the mound for the last out of every World Series since 1970

Click here to take the quiz!

General Stats

  • This quiz has been taken 11 times
  • The average score is 12 of 48

Answer Stats

TeamYearPitcher% Correct
NYY2009Mariano Rivera
100%
NYY1998Mariano Rivera
100%
NYY1999Mariano Rivera
100%
NYY2000Mariano Rivera
100%
OAK1989Dennis Eckersley
56%
STL2006Adam Wainwright
33%
BOS2007Jonathan Papelbon
33%
LAD2020Julio Urias
33%
NYY1978Rich Gossage
33%
ATL2021Will Smith
33%
SF2010Brian Wilson
22%
STL1982Bruce Sutter
22%
HOU2017Charlie Morton
22%
BOS2018Chris Sale
22%
WSH2019Daniel Hudson
22%
STL2011Jason Motte
22%
MIA/FLA2003Josh Beckett
22%
PIT1979Kent Tekulve
22%
BOS2013Koji Uehara
22%
SF2014Madison Bumgarner
22%
CHC2016Mike Montgomery
22%
LAD1988Orel Hershiser
22%
OAK1974Rollie Fingers
22%
OAK1972Rollie Fingers
22%
HOU2022Ryan Pressly
22%
SF2012Sergio Romo
22%
LAA2002Troy Percival
22%
PHI1980Tug McGraw
22%
KC2015Wade Davis
22%
DET1984Willie Hernandez
22%
CHW2005Bobby Jenks
11%
PHI2008Brad Lidge
11%
KC1985Bret Saberhagen
11%
MIN1987Jeff Reardon
11%
NYM1986Jesse Orosco
11%
NYY1996John Wetteland
11%
BOS2004Keith Foulke
11%
BAL1970Mike Cuellar
11%
NYY1977Mike Torrez
11%
PIT1971Steve Blass
11%
OAK1973Darold Knowles
0%
LAD1981Jerry Reuss
0%
ATL1995Mark Wohlers
0%
TOR1992Mike Timlin
0%
CIN1990Randy Myers
0%
BAL1983Scott McGregor
0%
CIN1976Will McEnaney
0%
CIN1975Will McEnaney
0%

Score Distribution

Percentile by Number Answered

Percent of People with Each Score

Your Score History

You have not taken this quiz